Southville International School and Colleges
Your cart is empty.
  • Cart
  • Lists
    Public lists Eva Luna New books Lux_list list_1
    Your lists Log in to create your own lists
  • Log in to your account
  • Your cookies
  • Search history
Southville International School and Colleges
  • Advanced search
  • Recent comments
  • Most popular
  • Libraries

Log in to your account

Log in with GOOGLE


If you do not have an external account, but do have a local account, you can still log in:

  1. Home
  2. MARC view: Art and Creative development for young children /
Normal view MARC view ISBD view

Art and Creative development for young children / (Record no. 104734)

[ view plain ]
MARC details
000 -LEADER
fixed length control field 00520nam a2200169 a 4500
005 - DATE AND TIME OF LATEST TRANSACTION
control field 20140412111327.0
008 - FIXED-LENGTH DATA ELEMENTS--GENERAL INFORMATION
fixed length control field 110128s19uu xx 00 eng d
020 ## - INTERNATIONAL STANDARD BOOK NUMBER
International Standard Book Number 0-7668-2408-x
050 ## - LIBRARY OF CONGRESS CALL NUMBER
Classification number TR(GS 372.5'044
Item number S35 2002
100 ## - MAIN ENTRY--PERSONAL NAME
Personal name Schirrmacher, Robert
245 ## - TITLE STATEMENT
Title Art and Creative development for young children /
Statement of responsibility, etc Robert Schirrmacher.
260 ## - PUBLICATION, DISTRIBUTION, ETC. (IMPRINT)
Place of publication, distribution, etc U.S.A :
Name of publisher, distributor, etc Thomson learning,
Date of publication, distribution, etc 2002.
300 ## - PHYSICAL DESCRIPTION
Extent 403p.
650 ## - SUBJECT ADDED ENTRY--TOPICAL TERM
Topical term or geographic name as entry element Art - study and teaching
650 ## - SUBJECT ADDED ENTRY--TOPICAL TERM
Topical term or geographic name as entry element Creative ability - united states
Holdings
Withdrawn status Lost status Damaged status Home library Current library Shelving location Date acquired Source of acquisition Total Checkouts Full call number Barcode Date last seen Price effective from Koha item type
      Elizalde Library Elizalde Library Teachers Reference Section 01/28/2011     TR(GS 372.5'044 S35 2002 E8555 04/12/2014 04/12/2014 Books

Art and Creative development for young children /

APA

Schirrmacher R., . (2002). Art and Creative development for young children. U.S.A: Thomson learning.

Chicago

Schirrmacher Robert, . 2002. Art and Creative development for young children. U.S.A: Thomson learning.

Harvard

Schirrmacher R., . (2002). Art and Creative development for young children. U.S.A: Thomson learning.

MLA

Schirrmacher Robert, . Art and Creative development for young children. U.S.A: Thomson learning. 2002.

  • Place hold
  • Print
  • Cite
  • Add to your cart (remove)
  • Save record
    BIBTEX Dublin Core MARCXML MARC (non-Unicode/MARC-8) MARC (Unicode/UTF-8) MARC (Unicode/UTF-8, Standard) MODS (XML) RIS
  • More searches
    Search for this title in:
    Other Libraries (WorldCat) Other Databases (Google Scholar) Online Stores (Bookfinder.com) Open Library (openlibrary.org)

Exporting to Dublin Core...

SOUTHVILLE LIBRARY

Southville International School and Colleges Library

1281 Tropical Ave. Cor. Luxembourg St., BF Homes International, Las Pinas City

Tel. No. 8256374 / 252358 Loc. 117/146

Powered by Koha